Catálogo público

Análisis de redes sociales en la agricultura : (Record no. 219822)

MARC details
000 -CABECERA
campo de control de longitud fija 03019nam a22003017a 4500
003 - IDENTIFICADOR DEL NÚMERO DE CONTROL
campo de control OSt
005 - FECHA Y HORA DE LA ÚLTIMA TRANSACCIÓN
campo de control 20251024111555.0
007 - CAMPO FIJO DE DESCRIPCIÓN FÍSICA--INFORMACIÓN GENERAL
campo de control de longitud fija cr ||||||a|c|a
008 - DATOS DE LONGITUD FIJA--INFORMACIÓN GENERAL
campo de control de longitud fija 240319s2019 mx ||||fom||| 001 0 spa d
040 ## - FUENTE DE LA CATALOGACIÓN
Normas de descripción rda
100 1# - ENTRADA PRINCIPAL--NOMBRE DE PERSONA
9 (RLIN) 129221
Nombre de persona Aguirre López, Juan Manuel
245 1# - MENCIÓN DE TÍTULO
Título Análisis de redes sociales en la agricultura :
Resto del título el máiz en México /
Mención de responsabilidad, etc. por Juan Manuel Aguirre López; director Ignacio Caamal Cauich
264 #1 - PRODUCCIÓN, PUBLICACIÓN, DISTRIBUCIÓN, FABRICACIÓN Y COPYRIGHT
Producción, publicación, distribución, fabricación y copyright Chapingo, México :
Nombre del de productor, editor, distribuidor, fabricante El autor,
Fecha de producción, publicación, distribución, fabricación o copyright 2019
300 ## - DESCRIPCIÓN FÍSICA
Extensión 1 recurso en línea (114 páginas):
Otras características físicas cuadros, figuras
336 ## - TIPO DE CONTENIDO
Fuente rdacontent
Término de tipo de contenido texto
Código de tipo de contenido txt
337 ## - TIPO DE MEDIO
Fuente rdamedia
Nombre/término del tipo de medio computadora
Código del tipo de medio c
338 ## - TIPO DE SOPORTE
Fuente rdacarrier
Nombre/término del tipo de soporte recurso en línea
Código del tipo de soporte cr
502 ## - NOTA DE TESIS
Tipo de título Doctorado en Ciencias en Economía Agrícola
Nombre de la institución que otorga el título División de Ciencias Económico Administrativas,
Año de obtención del título 2019
Información miscelánea Doctorado
504 ## - NOTA DE BIBLIOGRAFÍA, ETC.
Nota de bibliografía, etc. Incluye referencias bibliográficas: páginas 11, 31, 85
520 ## - SUMARIO, ETC.
Sumario, etc. El maíz en México juega un papel histórico preponderante en su agricultura. El objetivo de la presente investigación fue aplicar el análisis de redes sociales al estudio de la adopción de innovaciones entre pequeños productores de maíz y, el comercio mundial del grano. Con el fin de comprender la influencia de la red en las decisiones de adopción del productor y, la evolución global en sus intercambios comerciales. Esto se realizó integrando dos estudios: el primero, abordó los patrones de adopción de prácticas de agricultura de conservación de pequeños productores de maíz en el estado de Chiapas, México; y el segundo, analizó los flujos del comercio mundial del maíz. Para ello, la información fue obtenida de entrevistas a productores de maíz y, de bases de datos de exportación e importación del grano en dos momentos de análisis, 2005 y 2016. Los resultados indicaron, por un lado, qué, en el proceso de adopción de prácticas de agricultura de conservación los productores toman decisiones interrelacionadas, afectadas por la estructura de la red y los atributos individuales; y por el otro, las redes del comercio global del maíz de los años analizados tuvieron cambios notables en sus estructuras, tanto el número de países involucrados, como en el nivel de interacción entre los mismos que aumentó, por lo que el valor de la densidad pasó de 27.2% a 35.7%. Posicionándose Estados Unidos y México como país líder exportador e importador, respectivamente. Se concluye que el análisis de redes sociales permitió comprender la afiliación de los productores con diferentes agentes fuentes de información y los cambios en los flujos del comercio global del maíz. Es así, como este análisis puede aplicarse a diferentes áreas de la agricultura desde perspectivas diferentes.
650 #4 - PUNTO DE ACCESO ADICIONAL DE MATERIA--TÉRMINO DE MATERIA
9 (RLIN) 135122
Término de materia o nombre geográfico como elemento de entrada Maíz
Subdivisión general Innovaciones tecnológicas
Subdivisión geográfica México
650 #4 - PUNTO DE ACCESO ADICIONAL DE MATERIA--TÉRMINO DE MATERIA
9 (RLIN) 71007
Término de materia o nombre geográfico como elemento de entrada Maíz
Subdivisión general Mercadeo
650 #4 - PUNTO DE ACCESO ADICIONAL DE MATERIA--TÉRMINO DE MATERIA
9 (RLIN) 71041
Término de materia o nombre geográfico como elemento de entrada Maíz
Subdivisión general Producción
650 #7 - PUNTO DE ACCESO ADICIONAL DE MATERIA--TÉRMINO DE MATERIA
9 (RLIN) 188911
Término de materia o nombre geográfico como elemento de entrada Maíz
Subdivisión general Redes de valor
700 1# - PUNTO DE ACCESO ADICIONAL--NOMBRE DE PERSONA
Nombre de persona Caamal Cauich, Ignacio
Término indicativo de función/relación Director
9 (RLIN) 16527
856 ## - LOCALIZACIÓN Y ACCESO ELECTRÓNICOS
Identificador Uniforme del Recurso http://10.13.5.2/tesis/td/AGUIRRE_LOPEZ_JUANMANUEL.pdf
Nota pública DESCARGAR PDF
942 ## - ELEMENTOS DE PUNTO DE ACCESO ADICIONAL (KOHA)
Fuente del sistema de clasificación o colocación Clasificación Universidad Autónoma Chapingo
Tipo de ítem Koha Tesis digital
Holdings
Estado de retiro Estado de pérdida Fuente del sistema de clasificación o colocación Estado dañado Restricciones de uso No para préstamo Código de colección Localización permanente Ubicación/localización actual Ubicación en estantería Fecha de adquisición Total de préstamos Signatura topográfica completa Fecha visto por última vez Precio válido a partir de Tipo de ítem Koha
    Clasificación Universidad Autónoma de Chapingo   Préstamo interno   Tesis digitales de Doctorado Biblioteca Digital Biblioteca Digital En línea 19/03/2024   Tesis digital 19/03/2024 19/03/2024 Tesis digital